000
00300nam a2200121Ia 4500
008
220204s9999 xx 000 0 und d
082
_a
620.9
_b
DIX
100
_a
Dix, Samuel M
245
0
_a
Energy: A critical decision
260
_a
Michigan
_b
Energy Education
_c
1977
650
_a
Energy
942
_c
BK
999
_c
29863
_d
29863